000 00963cam a22002295a 4500
001 L140867
008 071016s2007 xxk f 000 0 eng d
020 _a9781848060142
035 _a(Sirsi) u140867
041 0 _aeng
050 0 4 _a690.16 $2 18
100 1 _aRoys, Mike
245 0 0 _aSafer floors
_bguidance on specifying flooring for internal and external safety in domestic buildings
260 _aGarston
_bIHS BRE
_c2007
300 _a6p.
_c30cm.
490 0 _aBRE Information Paper
_vIP 10/07
520 _aOutlines what test method should be used to assess a flooring product, what amount of slip resistance is considered appropriate and how slip resistance is affected by user behaviour and individual characteristics. Also notes the special case of stairs and ramps.
651 4 _aUnited Kingdom
_y
690 _aBUILT ENVIRONMENT-BUILDING ELEMENTS-COMPLETE BUILDING ELEMENTS-FLOORS
710 2 _aBuilding Research Establishment
942 _n0
999 _c107556
_d107556